000 01518nam a2200325 i 4500
001 000048208
003 DO-SdBNP
005 20260327092844.0
007 ta
008 181205s2016 dr a 000 m spa d
020 _a9789945897661
040 _aDO-SdBNP
_bspa
_cBNPHU
_erda
041 _aspa
082 4 _axxx
_bH632p
_222
100 1 _aHidalgo, Dennis R.,
_eautor
_4aut.
_975651
245 1 3 _aLa primera inmigración de negros libertos norteamericanos y su asentamiento en la española :
_b(1824-1826) /
_cDennis R. Hidalgo ; presentación, Wenceslao Vega.
250 _aprimera edición
264 1 _aSanto Domingo :
_bAcademia Dominicana de la Historia,
_c2016.
300 _a245 páginas :
_bilustraciones, retratos ;
_c23 cm.
336 _atexto
_btxt
_2rdacontent
337 _asin mediación
_bn
_2rdamedia
338 _avolumen
_bnc
_2rdacarrier
490 1 _aAcademia Dominicana de la Historia
_v128
500 _aIncluye datos biográficos del autor en la solapa de la contracubierta
504 _aBibliografía : páginas 205-223
505 0 _aIntroducción--
_tPresentación --
_tLoring D. Dewey y la sociedad americana de colonización. Filantropía e imperialismo --
_tLoring D. Dewey y la emigración negra a Haití: filantropía e imperialismo --
_tLa supremacia haitiana y los americanos --
_tLos negros americanos en Samaná y William Cardy --
_tConclusión --
_tApéndice.
590 _aInventariado, 2019/LP
700 1 _aVega B., Wenceslao,
_d1932-
_etraductor
_4tr.
_938670
942 _2ddc
_cLBS1
999 _c47696
_d47696